000 00633nam a2200205Ii 4500
003 JO-AjNU
008 230605s9999||||xx |||||||||||||| ||und||
040 _aJO-AjNU
_bara
_erda
_cJO-AjNU
041 _aara
050 1 4 _aPJ7580 1988
100 3 _aرضا،محمود,
_eauthor
_99800
245 0 0 _aالفنون الشعبية
250 _aط1
264 3 1 _aالقاهرة:دار المعارف،1988
300 _a151ص
_bصور توضيحية
336 _atext
_btxt
_2rdacontent
337 _aunmediated
_bn
_2rdamedia
338 _avolume
_bnc
_2rdacarrier
650 4 _aالفنون الشعبية - الفولكلور 
_99801
999 _aA1484
_c5052
_d5052